000 00729nam a2200181Ia 4500
008 100920s9999 xx 000 0 und d
082 _b107823
_a28 व 891 न 00
100 _aजोशी जीवराम/वर्टीकर मनोहर.
245 _aमियाँ-फुसकी-जादुची वाटी.
260 _bअनमोल प्रकाशन,पुणे.
_c2000
300 _a61
_bसाधी
365 _b40
520 _aबा.वि.लघुकथा.
630 _aमियाँ-फुसकी-जादुची वाटी.
650 _aबा.वि.लघुकथा.
730 _aमियाँ-फुसकी-जादुची वाटी.
942 _cBOOK
999 _c748247
_d748244